Komparatívne a konkurenčné výhody v období globalizácie
Salvato in:
| Autore principale: | |
|---|---|
| Ente Autore: | |
| Natura: | Libro |
| Lingua: | slovacco |
| Pubblicazione: |
Bratislava
Vydavateľstvo EKONÓM
2004
|
| Soggetti: | |
| Tags: |
Nessun Tag, puoi essere il primo ad aggiungerne!!
|
MARC
| LEADER | 00000nam$a2200000$$$4500 | ||
|---|---|---|---|
| 001 | 0011392 | ||
| 005 | 20240502071356.6 | ||
| 020 | |a 80-225-1854-9 | ||
| 041 | 0 | |a slo | |
| 044 | |a SK | ||
| 245 | 1 | 0 | |a Komparatívne a konkurenčné výhody v období globalizácie |c Renáta Vokorokosová |
| 264 | 1 | |a Bratislava |b Vydavateľstvo EKONÓM |c 2004 | |
| 300 | |a 155 s. | ||
| 610 | 2 | 0 | |a globalizácia |
| 610 | 2 | 0 | |a výhody komparatívne |
| 610 | 2 | 0 | |a výhody konkurenčné |
| 610 | 2 | 0 | |a konkurencieschopnosť |
| 610 | 2 | 0 | |a indexy |
| 610 | 2 | 0 | |a prostredie podnikateľské |
| 610 | 2 | 0 | |a ukazovatele |
| 610 | 2 | 0 | |a obchod zahraničný |
| 610 | 2 | 0 | |a štatistika |
| 610 | 2 | 0 | |a Slovensko |
| 100 | 1 | |a Vokorokosová, Renáta, 1967- | |
| 710 | 2 | |a Ekonomická univerzita v Bratislave. Podnikovohospodárska fakulta so sídlom v Košiciach | |